|
|
|
|
| LEADER |
01010nam a2200253 a 4500 |
| 001 |
4597905 |
| 008 |
100125s1977 caua b 001 0 eng d |
| 010 |
|
|
|a 76018902
|
| 020 |
|
|
|a 0534004636
|
| 040 |
|
|
|a DLC
|c DLC
|d DLC
|d DB-DhAAL
|
| 082 |
0 |
0 |
|a 301.43/5
|
| 100 |
1 |
|
|a Atchley, Robert C.
|
| 245 |
1 |
4 |
|a The social forces in later life :
|b an introduction to social gerontology /
|c Robert C. Atchley.
|
| 250 |
|
|
|a 2d ed.
|
| 260 |
|
|
|a Belmont, Calif. :
|b Wadsworth Pub. Co.,
|c c1977.
|
| 300 |
|
|
|a xi, 413 p. :
|b ill. ;
|c 24 cm.
|
| 504 |
|
|
|a Includes bibliography: (p. 333-413) and index.
|
| 541 |
1 |
|
|e 00000208
|
| 650 |
|
0 |
|a Gerontology
|z United States.
|
| 650 |
|
0 |
|a Older people
|z United States.
|
| 650 |
|
0 |
|a Retirement
|z United States.
|
| 852 |
4 |
|
|a Ayesha Abed Library
|j General Shelf.
|
| 999 |
|
|
|c 7168
|d 7168
|
| 952 |
|
|
|0 0
|1 0
|2 ddc
|4 0
|6 301_435000000000000_ATC_1977
|7 0
|9 7454
|a BRACUL
|b BRACUL
|c GEN
|d 2010-01-25
|g 0.00
|l 0
|o 301.435 ATC
|p 3010000208
|r 2010-01-25
|t 1
|w 2010-01-25
|y BK
|z Not price in Register
|x Not price in Register
|